Statistics for Biggest Caspian Sea Cities

Click here to take the quiz!

General Stats

  • This quiz has been taken 77 times
  • The average score is 3 of 16

Answer Stats

CountryPopulationCity% Correct
Azerbaijan2,122,300Baku
99%
Kazakhstan178,187Aktau
33%
Azerbaijan298,000Sumqayit
30%
Russia572,076Makhachkala
29%
Turkmenistan73,000Türkmenbaşy
29%
Kazakhstan163,221Atyrau
25%
Azerbaijan220,780Lankaran
25%
Russia119,200Derbent
22%
Russia100,129Kaspiysk
13%
Russia55,646Izberbash
12%
Iran83,537Behshahr
7%
Iran109,687Bandar-e Anzali
6%
Iran71,871Lahijan
6%
Iran123,167Nowshahr
6%
Iran144,546Gonbad-e Kavus
4%
Iran65,369Langarud
3%

Score Distribution

Percentile by Number Answered

Percent of People with Each Score

Your Score History

You have not taken this quiz